| 000 | 00777nas a2200217 i 4500 | ||
|---|---|---|---|
| 001 | 168801 | ||
| 003 | ES-MaACL | ||
| 005 | 20250802062538.0 | ||
| 008 | 080610d18181819sp | | ||pa d | ||
| 245 | 0 | 0 | _aContinuación del Almacén de frutos literarios o Semanario de obras inéditas. |
| 260 |
_aMadrid : [s.n.], _c1818-1819 ( _fImp. Repullés) |
||
| 300 |
_a8 tomos en 4 v. ; _c21 cm. |
||
| 310 | _aSemanal | ||
| 362 | 0 | _aT. 1, [n. 1]-t. 8, n. 48 (5 jul. 1819) | |
| 530 | _aDisponible en formato digital. | ||
| 650 | 7 |
_aLiteratura _2embne _9141583 |
|
| 780 | 0 | 0 | _tAlmacén de frutos literarios o Semanario de obras inéditas |
| 852 |
_aES-MaACL _jB-1998-2001 |
||
| 856 |
_uhttp://hemerotecadigital.bne.es/issn/2481-6744 _zHemeroteca Digital |
||
| 999 |
_c168801 _d168801 |
||